| 000 | 00499nam a2200181Ia 4500 | ||
|---|---|---|---|
| 005 | 20251020182558.0 | ||
| 008 | 200515s9999 xx 000 0 und d | ||
| 082 | _aSC/331(094.7)(85)/P45 | ||
| 110 | _aMinisterio de Trabajo | ||
| 245 | 0 | _aLey Orgánica y Reglamento de organización y Funciones del Ministerio de Trabajo y Promoción Social | |
| 260 | _aLima | ||
| 260 | _c1982 | ||
| 300 | _a54 | ||
| 650 | _aEMPLEO | ||
| 650 | _aLEGISLACION | ||
| 650 | _aMINISTERIO DE TRABAJO | ||
| 942 | _cLIB | ||
| 999 |
_c2977 _d2977 |
||